La controversia Goldhagen / (Record no. 13488)

MARC details
000 -LEADER
campo de control de longitud fija 00739nam a2200241 i 4500
001 - NÚMERO DE CONTROL
campo de control 13488
003 - IDENTIFICADOR DE NÚMERO DE CONTROL
campo de control ES-MaACL
005 - FECHA Y HORA DE LA ÚLTIMA TRANSACCIÓN
campo de control 20230906150607.0
007 - CAMPO FIJO DE DESCRIPCIÓN FÍSICA--INFORMACIÓN GENERAL
campo de control de longitud fija t|
008 - DATOS DE LONGITUD FIJA--INFORMACIÓN GENERAL
campo de control de longitud fija 980422s1997 sp ||||1| spa d
080 ## - NÚMERO DE LA CLASIFICACIÓN DECIMAL UNIVERSAL
Número de la Clasificación Decimal Universal 323.12(=924)(430)"1933/45"
245 03 - MENCIÓN DEL TÍTULO
Título La controversia Goldhagen /
Mención de responsabilidad, etc. Traducción de Manuel Canet y Elisa Renau.
260 ## - PUBLICACIÓN, DISTRIBUCIÓN, ETC.
Lugar de publicación, distribución, etc. Valencia :
Nombre del editor, distribuidor, etc. Alfons el Magnanim,
Fecha de publicación, distribución, etc. 1997.
300 ## - DESCRIPCIÓN FÍSICA
Extensión 205 p. ;
Dimensiones 19 cm.
490 1# - MENCIÓN DE SERIE
Mención de serie Debats ;
Designación de volumen o secuencia 21
650 14 - PUNTO DE ACCESO ADICIONAL DE MATERIA--TÉRMINO DE MATERIA
Término de materia o nombre geográfico como elemento de entrada Antisemitismo-
Subdivisión geográfica Alemania-
Subdivisión cronológica 1933-1945.
9 (RLIN) 9859
700 1# - ENTRADA AGREGADA--NOMBRE PERSONAL
Nombre de persona Canet, Manuel.
9 (RLIN) 34488
700 1# - ENTRADA AGREGADA--NOMBRE PERSONAL
Nombre de persona Renau, Elisa.
9 (RLIN) 96181
700 1# - ENTRADA AGREGADA--NOMBRE PERSONAL
Nombre de persona Goldhagen, Daniel Jonah.
9 (RLIN) 57659
830 0# - PUNTO DE ACCESO ADICIONAL DE SERIE-TÍTULO UNIFORME
Título uniforme Debats ;
Designación de volumen o secuencia 21
9 (RLIN) 179595
852 ## - LOCALIZACIÓN
Ubicación ES-MaACL
Número de control de estantería L-20821
Sublocalización o colección R.126502
Holdings
Estatus retirado Estado de pérdida Estado de daño No para préstamo Biblioteca de origen Biblioteca actual Ubicación en estantería Fecha de adquisición Fuente de adquisición Total de préstamos Signatura topográfica completa Código de barras Visto por última vez Precio de reemplazo Tipo de ítem Koha
        Biblioteca del Ateneo de Madrid Biblioteca del Ateneo de Madrid Depósito 2 17/01/2008     L-20821 1013731 23/02/2023 23/02/2023 Libro impreso